[Event "4NCL/Div2/RIC vs. W&S"]
[Site "Birmingham ENG"]
[Date "2001.09.23"]
[Round "2.8"]
[White "Smith, Lucy K"]
[Black "Wilson, Alexandra"]
[Result "0-1"]
[WhiteElo "1472"]
[BlackElo "1664"]
[PlyCount "54"]
[EventDate "2001.09.23"]
[SourceDate "2001.01.01"]

1. d4 Nf6 2. c4 g6 3. Nc3 d5 4. Bg5 Ne4 5. Bf4 Nxc3 6. bxc3 Bg7 7. e3 O-O 8.
Nf3 c5 9. Be2 Nc6 10. O-O cxd4 11. cxd4 b6 12. Rc1 Bb7 13. Qd2 Rc8 14. Rc2 dxc4
15. Bxc4 Na5 16. Be2 Qd7 17. Rfc1 Rxc2 18. Rxc2 Rc8 19. Ne5 Bxe5 20. Bxe5 Bd5
21. f3 Rxc2 22. Qxc2 Qc6 23. Qb2 Qa4 24. a3 Bc4 25. Bxc4 Nxc4 26. Qc1 b5 27.
Bb8 a6 0-1

[Event "4NCL/Div2/NWE vs. SLO2"]
[Site "Birmingham ENG"]
[Date "2001.09.23"]
[Round "2.1"]
[White "Charleshouse, Glenn L"]
[Black "Harris, Michael J"]
[Result "1/2-1/2"]
[WhiteElo "2334"]
[BlackElo "2235"]
[PlyCount "85"]
[EventDate "2001.09.23"]
[SourceDate "2001.01.01"]

1. e4 e6 2. d4 b6 3. Bd3 c5 4. Nf3 Bb7 5. O-O cxd4 6. Nxd4 Nc6 7. Nb3 Ne5 8.
Nc3 Nf6 9. f4 Nxd3 10. cxd3 d6 11. Be3 Be7 12. Qf3 Qd7 13. Nd4 g6 14. Qg3 h5
15. h3 h4 16. Qe1 Nh5 17. Rf2 Ng3 18. Rc1 Rh5 19. Rfc2 Rc8 20. Nf3 f5 21. Bf2
fxe4 22. dxe4 Kf7 23. Bxg3 hxg3 24. Qxg3 Rhc5 25. Re1 b5 26. a3 a5 27. Ng5+ Kg7
28. Rf2 b4 29. f5 Bxg5 30. Qxg5 Qf7 31. axb4 axb4 32. Na2 Rc2 33. f6+ Kg8 34.
Nxb4 Rxf2 35. Kxf2 Rc4 36. Nd3 Bxe4 37. Nf4 Rc5 38. Qg3 Bf5 39. b4 Rc2+ 40. Re2
Rxe2+ 41. Nxe2 e5 42. Qg5 Bd3 43. Ng1 1/2-1/2

[Event "4NCL/Div2/NWE vs. SLO2"]
[Site "Birmingham ENG"]
[Date "2001.09.23"]
[Round "2.2"]
[White "Tarifa, Alket"]
[Black "Littlewood, John E"]
[Result "0-1"]
[WhiteElo "2080"]
[BlackElo "2286"]
[PlyCount "74"]
[EventDate "2001.09.23"]
[SourceDate "2001.01.01"]

1. e4 e5 2. Nf3 Nc6 3. Bc4 d6 4. c3 Be6 5. Bxe6 fxe6 6. O-O Nf6 7. Ng5 Qd7 8.
Qb3 Nd8 9. d4 exd4 10. cxd4 h6 11. Nf3 Nxe4 12. Re1 Nf6 13. Nh4 Qf7 14. Qc2 g5
15. Ng6 Rg8 16. Nxf8 Rxf8 17. Nc3 Nc6 18. d5 Ne5 19. f4 gxf4 20. Bxf4 O-O-O 21.
Rf1 exd5 22. Bxe5 dxe5 23. Qf5+ Kb8 24. Qxe5 Rde8 25. Qf4 Qe7 26. Qh4 Qc5+ 27.
Kh1 d4 28. Rxf6 dxc3 29. Rxf8 Rxf8 30. bxc3 Qxc3 31. Rd1 Qd2 32. Rb1 b6 33. Qe7
Rf4 34. h3 Qd3 35. Qe1 Re4 36. Qc1 Re2 37. Rb3 Qe4 0-1

[Event "4NCL/Div2/NWE vs. SLO2"]
[Site "Birmingham ENG"]
[Date "2001.09.23"]
[Round "2.3"]
[White "Quillan, Gary"]
[Black "Armstrong, Malcolm J"]
[Result "1-0"]
[WhiteElo "2328"]
[BlackElo "2115"]
[PlyCount "37"]
[EventDate "2001.09.23"]
[SourceDate "2001.01.01"]

1. e4 c6 2. d4 d5 3. exd5 cxd5 4. c4 Nf6 5. Nc3 Nc6 6. Nf3 e6 7. cxd5 Nxd5 8.
Bd3 Be7 9. O-O a6 10. Re1 O-O 11. a3 Bf6 12. Be4 g6 13. Bh6 Nxc3 14. bxc3 Re8
15. Bxc6 bxc6 16. Ne5 Bb7 17. Qf3 Qe7 18. Rab1 Ra7 19. Rxb7 1-0

[Event "4NCL/Div2/NWE vs. SLO2"]
[Site "Birmingham ENG"]
[Date "2001.09.23"]
[Round "2.4"]
[White "de Coverly, Roger"]
[Black "Lund, D. Brett"]
[Result "1/2-1/2"]
[WhiteElo "2099"]
[BlackElo "2304"]
[PlyCount "78"]
[EventDate "2001.09.23"]
[SourceDate "2001.01.01"]

1. e4 c5 2. Nf3 e6 3. d3 Nc6 4. g3 Nge7 5. Bg2 g6 6. O-O Bg7 7. Nc3 d6 8. Nh4
O-O 9. f4 f5 10. Be3 b6 11. Bf2 d5 12. e5 g5 13. Nf3 g4 14. Nd2 a5 15. Nb5 Ba6
16. a4 d4 17. Nc4 Nd5 18. Ncd6 Nce7 19. Qe2 h5 20. h3 Bxb5 21. axb5 Ng6 22.
hxg4 hxg4 23. Bxd5 exd5 24. Be1 Qd7 25. Bd2 Qe6 26. Rae1 Ra7 27. Rf2 Ne7 28.
Rh2 Nc8 29. Nxc8 Rxc8 30. Rh1 a4 31. Qh2 Qg6 32. Qh5 Qxh5 33. Rxh5 Rf8 34. Rg5
Kh7 35. Kg2 Bh6 36. Rh1 Rg7 37. Rxg7+ Kxg7 38. Ra1 Ra8 39. Bc1 Ra5 1/2-1/2

[Event "4NCL/Div2/NWE vs. SLO2"]
[Site "Birmingham ENG"]
[Date "2001.09.23"]
[Round "2.5"]
[White "Kennaugh, Charles W"]
[Black "Richardson, Alex"]
[Result "1-0"]
[WhiteElo "2256"]
[BlackElo "2117"]
[PlyCount "59"]
[EventDate "2001.09.23"]
[SourceDate "2001.01.01"]

1. e4 c5 2. Nf3 Nc6 3. d4 cxd4 4. Nxd4 e5 5. Nxc6 bxc6 6. Bc4 Nf6 7. O-O Be7 8.
Nc3 O-O 9. Qd3 d6 10. Bg5 Nd7 11. Bxe7 Qxe7 12. Rad1 Nb6 13. Bb3 Rd8 14. f4
exf4 15. Ne2 Be6 16. Nxf4 d5 17. exd5 Nxd5 18. Nxe6 Qxe6 19. Rde1 Qd6 20. Qd4
Rd7 21. Rf5 Rad8 22. Rfe5 h6 23. Qd3 Nf6 24. Qxd6 Rxd6 25. Re7 R8d7 26. Bxf7+
Kf8 27. Rxd7 Rxd7 28. Bg6 Rd2 29. Re6 c5 30. h3 1-0

[Event "4NCL/Div2/NWE vs. SLO2"]
[Site "Birmingham ENG"]
[Date "2001.09.23"]
[Round "2.6"]
[White "Jeffries, Majid"]
[Black "Merriman, John"]
[Result "0-1"]
[WhiteElo "2008"]
[BlackElo "2249"]
[PlyCount "109"]
[EventDate "2001.09.23"]
[SourceDate "2001.01.01"]

1. c4 e5 2. Nc3 c5 3. g3 Nc6 4. Bg2 g6 5. e4 Bg7 6. Nge2 d6 7. d3 h5 8. Nd5 h4
9. Be3 Be6 10. Qd2 Nh6 11. h3 f6 12. O-O-O Nf7 13. g4 g5 14. Kb1 Rb8 15. Nec3
a6 16. Ka1 b5 17. b3 O-O 18. Rb1 Nh8 19. Rb2 Ng6 20. Ne2 Nf4 21. Rg1 Rf7 22.
Kb1 Rfb7 23. Nec3 Bf7 24. Bf1 Nd4 25. Bxd4 cxd4 26. Ne2 Ne6 27. Nc1 Nc5 28.
cxb5 Rxb5 29. Bg2 a5 30. Ka1 a4 31. b4 a3 32. Rb1 Na6 33. Nb3 Bxd5 34. exd5
Nxb4 35. Rgc1 Nxd5 36. Bxd5+ Rxd5 37. Rc4 Rdb5 38. Qc1 Bf8 39. Rc6 d5 40. Qc2
Bb4 41. Rg1 Bc3+ 42. Kb1 R8b6 43. Rxb6 Rxb6 44. Qe2 Qd7 45. Rc1 Kg7 46. Rc2 Qb5
47. f3 Re6 48. Qd1 e4 49. fxe4 dxe4 50. Re2 e3 51. Kc2 Bd2 52. Rxd2 exd2 53.
Qxd2 Qc6+ 54. Kb1 Qh1+ 55. Nc1 0-1

[Event "4NCL/Div2/NWE vs. SLO2"]
[Site "Birmingham ENG"]
[Date "2001.09.23"]
[Round "2.7"]
[White "Hague, Ben"]
[Black "Chevannes, Sabrina"]
[Result "0-1"]
[WhiteElo "2214"]
[BlackElo "1824"]
[PlyCount "74"]
[EventDate "2001.09.23"]
[SourceDate "2001.01.01"]

1. e4 c6 2. d4 d5 3. exd5 cxd5 4. c4 Nf6 5. Nc3 Nc6 6. Nf3 Bg4 7. cxd5 Nxd5 8.
Qb3 Bxf3 9. gxf3 Nb6 10. Be3 e6 11. Rg1 g6 12. O-O-O Bg7 13. d5 exd5 14. Bc5
Bxc3 15. Qxc3 f6 16. Bxb6 axb6 17. Bc4 d4 18. Qd2 Qc7 19. Rge1+ Ne5 20. Qxd4
Kf8 21. Rxe5 fxe5 22. Qh4 Kg7 23. Kb1 Rac8 24. Bb3 Rhd8 25. Re1 Rd2 26. Qg5
Rxb2+ 27. Kxb2 Qc3+ 28. Kb1 Qxe1+ 29. Kb2 Qxf2+ 30. Kb1 Qxh2 31. a4 Qf4 32.
Qe7+ Kh6 33. Qd7 Rc1+ 34. Kb2 Rh1 35. Bg8 Qb4+ 36. Kc2 Qb1+ 37. Kc3 Rc1+ 0-1

[Event "4NCL/Div2/NWE vs. SLO2"]
[Site "Birmingham ENG"]
[Date "2001.09.23"]
[Round "2.8"]
[White "Houska, Mario"]
[Black "Summerscale, Claire E"]
[Result "1/2-1/2"]
[WhiteElo "1600"]
[BlackElo "1800"]
[PlyCount "120"]
[EventDate "2001.09.23"]
[SourceDate "2001.01.01"]

1. e4 d5 2. e5 c5 3. f4 Nc6 4. Nf3 e6 5. Be2 Nh6 6. O-O Nf5 7. c3 d4 8. Bd3 Qb6
9. Bxf5 exf5 10. Qe2 d3 11. Qe1 c4+ 12. Kh1 Bc5 13. Qg3 Rg8 14. a4 a5 15. Na3
Bxa3 16. Rxa3 h6 17. Qe1 Be6 18. Qh4 Qd8 19. Qf2 b6 20. Qe3 g5 21. Nd4 Nxd4 22.
cxd4 g4 23. b3 cxb3 24. Qxd3 Rc8 25. Qe3 Rc2 26. Rxb3 Bxb3 27. Qxb3 Qc8 28. Ba3
Qc4 29. Qb1 Kd7 30. Rd1 Rb8 31. d3 Qxa4 32. d5 b5 33. e6+ fxe6 34. dxe6+ Ke8
35. Qa1 Kd8 36. Qf6+ Kc7 37. Qe7+ Kb6 38. Qd6+ Kb7 39. Qd7+ Kb6 40. Qd6+ Kb7
41. Qd5+ Kb6 42. Qd6+ Kb7 43. Qd5+ Kc8 44. Rf1 Qxa3 45. Qxf5 Qe7 46. Qxg4 b4
47. f5 Rc6 48. h3 Kb7 49. d4 Rd6 50. Qe4+ Kb6 51. d5 Rf8 52. Qd4+ Kb7 53. Qe5
Rf6 54. Ra1 Ka6 55. Qe2+ Kb6 56. Qe3+ Ka6 57. Qd3+ Kb6 58. Qd4+ Ka6 59. Qc4+
Kb6 60. Qd4+ Kb5 1/2-1/2

[Event "4NCL/Div2/3CS vs. PYO"]
[Site "Birmingham ENG"]
[Date "2001.09.23"]
[Round "2.1"]
[White "Davies, Nigel R"]
[Black "Hanley, Craig"]
[Result "0-1"]
[WhiteElo "2476"]
[BlackElo "2278"]
[PlyCount "68"]
[EventDate "2001.09.23"]
[SourceDate "2001.01.01"]

1. e4 e6 2. d4 d5 3. Nd2 Nf6 4. e5 Nfd7 5. f4 c5 6. c3 Nc6 7. Ngf3 a5 8. a4
cxd4 9. cxd4 Bb4 10. Bd3 Qb6 11. O-O Nxd4 12. Kh1 f5 13. Nxd4 Qxd4 14. Nf3 Qb6
15. g4 O-O 16. gxf5 exf5 17. Bb5 Nc5 18. Be3 Be6 19. Rc1 d4 20. Nxd4 Bd5+ 21.
Nf3 Be4 22. Qe2 Rac8 23. h3 Qh6 24. Kh2 Ne6 25. Bc4 Kh8 26. Bxe6 Qxe6 27. Ng5
Qb3 28. e6 Rxc1 29. Rxc1 h6 30. Bd4 Bd6 31. Nxe4 Bxf4+ 32. Kg2 fxe4 33. Bxg7+
Kxg7 34. Qg4+ Kh8 0-1

[Event "4NCL/Div2/3CS vs. PYO"]
[Site "Birmingham ENG"]
[Date "2001.09.23"]
[Round "2.2"]
[White "Addison, Bret"]
[Black "Bentley, John L"]
[Result "1-0"]
[WhiteElo "2218"]
[BlackElo "2166"]
[PlyCount "85"]
[EventDate "2001.09.23"]
[SourceDate "2001.01.01"]

1. Nf3 Nf6 2. c4 g6 3. Nc3 Bg7 4. g3 O-O 5. Bg2 d6 6. O-O Nc6 7. d4 Bg4 8. h3
Bxf3 9. Bxf3 Nd7 10. Be3 e5 11. d5 Ne7 12. Bg2 f5 13. f4 Kh8 14. Qb3 b6 15.
Rae1 Ng8 16. fxe5 Nxe5 17. Nb5 Qe7 18. Bf2 f4 19. g4 Nf6 20. Nd4 Rf7 21. Ne6
Ne8 22. Bd4 c5 23. Bc3 g5 24. Be4 Bf6 25. e3 fxe3 26. Rxe3 Ng7 27. Re2 Re8 28.
Ref2 Nxe6 29. dxe6 Rff8 30. Bd5 Qg7 31. Qa4 Re7 32. Rf5 Qg6 33. Kg2 Kg7 34.
Bxe5 dxe5 35. Qc6 Qe8 36. Qd6 e4 37. Re1 e3 38. Rxe3 Bxb2 39. Rxg5+ Kh8 40. Rf3
Rxf3 41. Kxf3 Qa4 42. Bc6 Qa3+ 43. Kg2 1-0

[Event "4NCL/Div2/3CS vs. PYO"]
[Site "Birmingham ENG"]
[Date "2001.09.23"]
[Round "2.3"]
[White "Adams, Phil"]
[Black "Bigg, Andrew J"]
[Result "1-0"]
[WhiteElo "2160"]
[BlackElo "2216"]
[PlyCount "57"]
[EventDate "2001.09.23"]
[SourceDate "2001.01.01"]

1. e4 e6 2. d4 d5 3. Nc3 Bb4 4. e5 Ne7 5. Bd3 c5 6. dxc5 Nbc6 7. Nf3 d4 8. a3
Ba5 9. b4 dxc3 10. bxa5 Qxa5 11. O-O Bd7 12. Rb1 Nd8 13. Ng5 Bc6 14. Qh5 h6 15.
Be3 Rc8 16. Kh1 Rc7 17. f4 Nf5 18. Bg1 O-O 19. Ne4 Bxe4 20. Bxe4 f6 21. exf6
Rxf6 22. g4 Ne7 23. g5 Rf7 24. gxh6 Nf5 25. hxg7 Nxg7 26. Qh7+ Kf8 27. Rbd1 Ne8
28. Qh8+ Ke7 29. Bf2 1-0

[Event "4NCL/Div2/3CS vs. PYO"]
[Site "Birmingham ENG"]
[Date "2001.09.23"]
[Round "2.4"]
[White "Taylor, Martin R"]
[Black "Walton, Alan J"]
[Result "1-0"]
[WhiteElo "2175"]
[BlackElo "2212"]
[PlyCount "63"]
[EventDate "2001.09.23"]
[SourceDate "2001.01.01"]

1. c4 f5 2. g3 Nf6 3. Bg2 e6 4. Nf3 Be7 5. O-O O-O 6. b3 d6 7. d4 Qe8 8. Nbd2
Nc6 9. Bb2 Qh5 10. e3 a5 11. Ne1 Qxd1 12. Rxd1 Bd7 13. a3 Be8 14. Nd3 g5 15. e4
Bg6 16. Rfe1 Rae8 17. e5 Nd7 18. exd6 cxd6 19. f4 Nd8 20. d5 exd5 21. Bxd5+ Bf7
22. Bxf7+ Kxf7 23. Nf3 h6 24. Nd4 Kg6 25. Nb5 Rf7 26. Nxd6 Bxd6 27. Rxe8 Bc7
28. Ne5+ Nxe5 29. Bxe5 Bb6+ 30. Kg2 Nc6 31. Rd6+ Kh5 32. Rh8 1-0

[Event "4NCL/Div2/3CS vs. PYO"]
[Site "Birmingham ENG"]
[Date "2001.09.23"]
[Round "2.5"]
[White "Ashton, Adam G"]
[Black "Rendle, Thomas E"]
[Result "1/2-1/2"]
[WhiteElo "2146"]
[BlackElo "2141"]
[PlyCount "90"]
[EventDate "2001.09.23"]
[SourceDate "2001.01.01"]

1. e4 e6 2. d4 d5 3. Nc3 Bb4 4. e5 c5 5. Qg4 Ne7 6. Nf3 Nbc6 7. a3 Qa5 8. Bd2
cxd4 9. Nxd4 Nxd4 10. Qxd4 Nc6 11. Qg4 d4 12. Qxg7 Rf8 13. Ne4 Bxd2+ 14. Nxd2
Qxe5+ 15. Qxe5 Nxe5 16. O-O-O Nc6 17. f4 Bd7 18. Nf3 O-O-O 19. Nxd4 Nxd4 20.
Rxd4 Bc6 21. Rxd8+ Rxd8 22. Rg1 Kc7 23. g3 Be4 24. Bg2 Bxg2 25. Rxg2 Rd5 26.
Rd2 Rc5 27. c3 a5 28. Kc2 a4 29. b3 axb3+ 30. Kxb3 Rb5+ 31. Kc4 Rb6 32. a4 Rc6+
33. Kb3 Rb6+ 34. Kc2 Ra6 35. Rd4 Ra5 36. Kd3 Rh5 37. h4 Ra5 38. g4 h5 39. g5
Rf5 40. Ke4 Rc5 41. Kd3 Rf5 42. Kc4 Ra5 43. Kb4 b6 44. Re4 Rf5 45. c4 Kd6
1/2-1/2

[Event "4NCL/Div2/3CS vs. PYO"]
[Site "Birmingham ENG"]
[Date "2001.09.23"]
[Round "2.6"]
[White "Gilbert, Jessie"]
[Black "Taylor, Robert M"]
[Result "1/2-1/2"]
[WhiteElo "2066"]
[BlackElo "2065"]
[PlyCount "54"]
[EventDate "2001.09.23"]
[SourceDate "2001.01.01"]

1. d4 Nf6 2. c4 e6 3. Nf3 b6 4. g3 Bb4+ 5. Bd2 Be7 6. Bg2 Ba6 7. Ne5 c6 8. O-O
O-O 9. b3 Bb7 10. Bc3 d6 11. Nd3 Qc7 12. Nd2 c5 13. e4 cxd4 14. Bxd4 Nbd7 15.
Qe2 Rfe8 16. Rac1 Rad8 17. Bb2 Qb8 18. Rfd1 Qa8 19. f3 a6 20. Nf2 Ne5 21. Qe3
b5 22. c5 Ned7 23. cxd6 Bxd6 24. Nd3 Bb8 25. Kh1 e5 26. Qe2 Ba7 27. Nf1 a5
1/2-1/2

[Event "4NCL/Div2/3CS vs. PYO"]
[Site "Birmingham ENG"]
[Date "2001.09.23"]
[Round "2.7"]
[White "Gordon, Stephen"]
[Black "Levermore, Peter"]
[Result "1/2-1/2"]
[WhiteElo "1968"]
[BlackElo "2066"]
[PlyCount "67"]
[EventDate "2001.09.23"]
[SourceDate "2001.01.01"]

1. d4 g6 2. Nf3 Bg7 3. g3 d6 4. Bg2 Nd7 5. O-O c6 6. c4 Ngf6 7. Nc3 O-O 8. Qc2
e5 9. Rd1 Qc7 10. b3 Re8 11. dxe5 Nxe5 12. Nd4 a6 13. Bb2 Bd7 14. Qd2 Rad8 15.
h3 c5 16. Nc2 Qc8 17. Kh2 Bc6 18. Ne3 b5 19. Bxc6 Nxc6 20. Ned5 Nd4 21. Nxf6+
Bxf6 22. Kg2 Qb7+ 23. f3 b4 24. Ne4 Rxe4 25. fxe4 Qxe4+ 26. Kh2 Bg5 27. Qd3 Re8
28. Bxd4 Qxe2+ 29. Qxe2 Rxe2+ 30. Kh1 cxd4 31. Rg1 Bf6 32. Rg2 Re3 33. Rd1 Be5
34. h4 1/2-1/2

[Event "4NCL/Div2/3CS vs. PYO"]
[Site "Birmingham ENG"]
[Date "2001.09.23"]
[Round "2.8"]
[White "Timms, Nicholas"]
[Black "Martin, Katie A"]
[Result "1-0"]
[WhiteElo "2102"]
[BlackElo "1448"]
[PlyCount "67"]
[EventDate "2001.09.23"]
[SourceDate "2001.01.01"]

1. d4 Nf6 2. Bg5 d5 3. Bxf6 exf6 4. e3 Bd6 5. c4 dxc4 6. Bxc4 O-O 7. Nf3 Qe7 8.
O-O f5 9. Nc3 c6 10. Re1 Nd7 11. Qc2 Nf6 12. Bd3 g6 13. Nd2 Qc7 14. h3 b5 15.
Rac1 a6 16. a4 Bb7 17. Qb3 Rac8 18. e4 Bf4 19. Qc2 fxe4 20. Bxe4 Nxe4 21. Ncxe4
Qa5 22. Rcd1 Qxa4 23. Qxa4 bxa4 24. Nc5 Ba8 25. Nde4 f5 26. Nc3 Bd6 27. N3xa4
a5 28. Re6 Rcd8 29. Rde1 Kf7 30. Nb6 Bxc5 31. dxc5 Kg8 32. Re7 h6 33. Ra7 g5
34. Ree7 1-0

[Event "4NCL/Div2/ATH vs. KHE"]
[Site "Birmingham ENG"]
[Date "2001.09.23"]
[Round "2.1"]
[White "Spreeuw, Jaap"]
[Black "Thomas, Richard Hue"]
[Result "1/2-1/2"]
[WhiteElo "2316"]
[BlackElo "2248"]
[PlyCount "91"]
[EventDate "2001.09.23"]
[SourceDate "2001.01.01"]

1. c4 Nf6 2. Nc3 d6 3. d4 g6 4. e4 Bg7 5. Nf3 O-O 6. Be2 e5 7. O-O Nc6 8. d5
Ne7 9. b4 a5 10. Ba3 b6 11. bxa5 Rxa5 12. Bb4 Ra8 13. a4 Ne8 14. Qb3 Bg4 15.
Rfd1 Bh6 16. h3 Bxf3 17. Bxf3 f5 18. a5 bxa5 19. Bxa5 fxe4 20. Bxe4 Nf5 21.
Bxf5 gxf5 22. c5 Rb8 23. Qc4 Qg5 24. Nb5 Rf7 25. Rd3 Qh5 26. Be1 Bf8 27. c6 Rg7
28. Rda3 f4 29. Kh1 e4 30. f3 e3 31. R3a2 Rg5 32. Nc3 Qf7 33. Ra8 Rb2 34. Ne2
Rf5 35. Bc3 Rc2 36. Qd3 Rxc3 37. Nxc3 Bg7 38. Rb8 Bxc3 39. Qxc3 Rxd5 40. Raa8
Re5 41. Qxe5 dxe5 42. Rxe8+ Kg7 43. Rxe5 Qc4 44. Rae8 Qxc6 45. R5e6 Qc4 46.
R8e7+ 1/2-1/2

[Event "4NCL/Div2/ATH vs. KHE"]
[Site "Birmingham ENG"]
[Date "2001.09.23"]
[Round "2.2"]
[White "McMichael, Richard"]
[Black "Wade, Robert G"]
[Result "1-0"]
[WhiteElo "2268"]
[BlackElo "2220"]
[PlyCount "69"]
[EventDate "2001.09.23"]
[SourceDate "2001.01.01"]

1. c4 d6 2. Nc3 e5 3. e3 Nf6 4. Nf3 c6 5. d4 Qc7 6. Be2 Be7 7. b3 Bg4 8. Bb2
Nbd7 9. O-O O-O 10. Rc1 Rfe8 11. d5 c5 12. Nh4 Bxe2 13. Qxe2 Bf8 14. e4 g6 15.
Rcd1 Bh6 16. Rd3 a6 17. Rh3 Nh5 18. Nf5 Bf8 19. Rxh5 gxh5 20. Qxh5 Qd8 21. Rd1
Nf6 22. Qh4 Kh8 23. Bc1 Ng8 24. Qh3 b5 25. Rd3 bxc4 26. bxc4 Rb8 27. Rg3 Rb4
28. Rg4 Rxc4 29. Rh4 Nf6 30. Bg5 Rxc3 31. Qxc3 Nxe4 32. Bxd8 Nxc3 33. Bf6+ Bg7
34. Bxg7+ Kg8 35. Bh6 1-0

[Event "4NCL/Div2/ATH vs. KHE"]
[Site "Birmingham ENG"]
[Date "2001.09.23"]
[Round "2.3"]
[White "Stevenson, James A.B"]
[Black "Kwiatkowski, Feliks J"]
[Result "1/2-1/2"]
[WhiteElo "2132"]
[BlackElo "2213"]
[PlyCount "78"]
[EventDate "2001.09.23"]
[SourceDate "2001.01.01"]

1. e4 c5 2. Nc3 Nc6 3. f4 g6 4. Nf3 Bg7 5. Bb5 Nd4 6. Bd3 d6 7. O-O Bg4 8. Bb5+
Nxb5 9. Nxb5 Nf6 10. h3 Bd7 11. Nc3 Bc6 12. d3 O-O 13. Qe2 b5 14. e5 Nh5 15.
Kh2 Bxf3 16. Rxf3 dxe5 17. fxe5 b4 18. g4 bxc3 19. gxh5 Qd4 20. b3 Qxe5+ 21.
Qxe5 Bxe5+ 22. Bf4 Bf6 23. Re1 Rac8 24. Be5 Rc6 25. Bxf6 exf6 26. Rfe3 Kg7 27.
Re7 a6 28. R1e4 f5 29. Rc4 Kf6 30. Re2 Rd8 31. Kg3 Rd4 32. Rxc3 f4+ 33. Kf3 g5
34. Re8 Rdd6 35. Rc4 Re6 36. Rxe6+ Rxe6 37. Rxc5 Re3+ 38. Kg2 Re2+ 39. Kg1 Re3
1/2-1/2

[Event "4NCL/Div2/ATH vs. KHE"]
[Site "Birmingham ENG"]
[Date "2001.09.23"]
[Round "2.4"]
[White "O'Shaughnessy, Conor"]
[Black "Spivack, Simon"]
[Result "1/2-1/2"]
[WhiteElo "2213"]
[BlackElo "2159"]
[PlyCount "40"]
[EventDate "2001.09.23"]
[SourceDate "2001.01.01"]

1. Nf3 Nf6 2. b3 g6 3. Bb2 Bg7 4. e4 O-O 5. e5 Nd5 6. c4 Nb6 7. Be2 d6 8. d4
dxe5 9. Nxe5 N6d7 10. Nf3 c5 11. Nc3 cxd4 12. Nxd4 Nc5 13. Ndb5 Nc6 14. Qxd8
Rxd8 15. Rd1 Bf5 16. O-O Bc2 17. Rxd8+ Rxd8 18. Ba3 Nd3 19. Bd1 Bxd1 20. Rxd1
e6 1/2-1/2

[Event "4NCL/Div2/ATH vs. KHE"]
[Site "Birmingham ENG"]
[Date "2001.09.23"]
[Round "2.5"]
[White "Quinn, John M"]
[Black "Mackenzie, Colin"]
[Result "1/2-1/2"]
[WhiteElo "2189"]
[BlackElo "2172"]
[PlyCount "57"]
[EventDate "2001.09.23"]
[SourceDate "2001.01.01"]

1. d4 e6 2. c4 Nf6 3. Nc3 Bb4 4. Qc2 c5 5. dxc5 Nc6 6. Nf3 O-O 7. Bg5 Bxc5 8.
e3 Be7 9. a3 Qa5 10. Rc1 d5 11. cxd5 exd5 12. Bh4 Bg4 13. Qa4 Qxa4 14. Nxa4 d4
15. Be2 dxe3 16. fxe3 Rfe8 17. O-O Nd5 18. Bxe7 Rxe7 19. e4 Rxe4 20. Bc4 Rxc4
21. Rxc4 Ne3 22. Rxc6 Nxf1 23. Rc7 Bxf3 24. gxf3 Nd2 25. Kf2 b5 26. Nc3 a6 27.
a4 bxa4 28. Nxa4 Nb3 29. Rb7 1/2-1/2

[Event "4NCL/Div2/ATH vs. KHE"]
[Site "Birmingham ENG"]
[Date "2001.09.23"]
[Round "2.6"]
[White "Ward, Julian T"]
[Black "Milligan, Helen"]
[Result "1/2-1/2"]
[WhiteElo "2136"]
[BlackElo "2095"]
[PlyCount "76"]
[EventDate "2001.09.23"]
[SourceDate "2001.01.01"]

1. Nf3 Nf6 2. c4 e6 3. g3 d5 4. d4 c6 5. Bg2 Nbd7 6. b3 b6 7. O-O Bb7 8. Qc2
Rc8 9. Rd1 Be7 10. Nc3 O-O 11. Bb2 Qc7 12. Rac1 Qb8 13. e3 Rfd8 14. Qb1 h6 15.
h3 Qa8 16. cxd5 cxd5 17. Bf1 Qb8 18. Ba1 a6 19. b4 Bd6 20. b5 a5 21. Ne2 Ne4
22. Nf4 Rxc1 23. Rxc1 Rc8 24. Bd3 Bb4 25. Bxe4 dxe4 26. Ne5 Nxe5 27. dxe5 Rxc1+
28. Qxc1 Qd8 29. Bd4 Be7 30. Kg2 Bg5 31. Ne2 Bd5 32. Qc2 Qb8 33. a4 Qd8 34. h4
Be7 35. Nf4 Bb7 36. Qc4 Kh7 37. Kg1 Bb4 38. Kg2 Be7 1/2-1/2

[Event "4NCL/Div2/ATH vs. KHE"]
[Site "Birmingham ENG"]
[Date "2001.09.23"]
[Round "2.7"]
[White "McDonnell, James"]
[Black "Bolt, Graham"]
[Result "1/2-1/2"]
[WhiteElo "2047"]
[BlackElo "2124"]
[PlyCount "71"]
[EventDate "2001.09.23"]
[SourceDate "2001.01.01"]

1. e4 c5 2. Nc3 Nc6 3. Nf3 e6 4. d4 cxd4 5. Nxd4 Nf6 6. Ndb5 d6 7. Bf4 e5 8.
Bg5 a6 9. Na3 b5 10. Nd5 Be7 11. Bxf6 Bxf6 12. c3 O-O 13. Nc2 Bg5 14. Nce3 Bxe3
15. Nxe3 Ne7 16. g3 Bb7 17. Bg2 f5 18. Qd3 f4 19. Nd5 Nxd5 20. exd5 f3 21. Bh3
Bc8 22. Bxc8 Rxc8 23. O-O-O Qb6 24. Rd2 Qc5 25. Kb1 Qc4 26. Re1 b4 27. Re4
Qxd3+ 28. Rxd3 bxc3 29. bxc3 Rc5 30. Kc2 Ra5 31. a4 Rb8 32. Rc4 h6 33. g4 Re8
34. Rxf3 Rxd5 35. Rc7 Rf8 36. Rxf8+ 1/2-1/2

[Event "4NCL/Div2/ATH vs. KHE"]
[Site "Birmingham ENG"]
[Date "2001.09.23"]
[Round "2.8"]
[White "Kelly, Alexandra M"]
[Black "McKeown, Paul"]
[Result "0-1"]
[WhiteElo "1736"]
[BlackElo "2075"]
[PlyCount "196"]
[EventDate "2001.09.23"]
[SourceDate "2001.01.01"]

1. e4 Nf6 2. e5 Nd5 3. d4 d6 4. c4 Nb6 5. exd6 cxd6 6. Nc3 g6 7. Be3 Bg7 8. Be2
O-O 9. Rc1 f5 10. f4 e5 11. d5 N8d7 12. Nf3 Qe7 13. O-O e4 14. Nd4 Nf6 15. h3
Bd7 16. b3 Nc8 17. Kh1 a6 18. a4 Qe8 19. Rc2 Rb8 20. Kh2 Ne7 21. Kg1 Qf7 22.
Kh2 Rfc8 23. Qd2 h5 24. Rd1 Ne8 25. Qe1 Nc7 26. Qd2 Qe8 27. Rb1 Kh7 28. Kh1 b5
29. axb5 axb5 30. Ndxb5 Nxb5 31. Nxb5 Bxb5 32. cxb5 Rxc2 33. Qxc2 Nxd5 34. Bd2
Rc8 35. Bc4 Ne7 36. Qd1 d5 37. Be2 Qd7 38. Rc1 Rd8 39. Ba5 Rc8 40. Rxc8 Nxc8
41. Qc2 d4 42. Qc7 Qxc7 43. Bxc7 d3 44. Bd1 Bd4 45. Ba5 e3 46. g3 e2 47. Bxe2
dxe2 48. Kg2 e1=Q 49. Bxe1 Nd6 50. Bb4 Nxb5 51. Kf3 Kg7 52. Be7 Kf7 53. Bd8 Ke8
54. Ba5 Kd7 55. Be1 Kc6 56. g4 hxg4+ 57. hxg4 Bc3 58. Bf2 Kd5 59. gxf5 gxf5 60.
Kg3 Ke4 61. Kh4 Kxf4 62. Bg3+ Ke4 63. Kg5 Nd4 64. b4 Bxb4 65. Kf6 Bd2 66. Ke7
Bf4 67. Bf2 Be5 68. Kd7 f4 69. Kc8 Nf3 70. Bb6 Nd4 71. Bd8 Kf3 72. Bg5 Ke4 73.
Bxf4 Bxf4 74. Kb7 Kd5 75. Ka6 Bc7 76. Kb7 Kd6 77. Kc8 Ne6 78. Kb7 Nc5+ 79. Kc8
Bb6 80. Kb8 Kc6 81. Ka8 Ne6 82. Kb8 Nc7 83. Kc8 Ba7 84. Kd8 Nd5 85. Kc8 Ne7+
86. Kd8 Kd6 87. Ke8 Ke6 88. Kd8 Bb6+ 89. Ke8 Nf5 90. Kf8 Bc7 91. Ke8 Ng7+ 92.
Kf8 Kf6 93. Kg8 Kg6 94. Kf8 Bd6+ 95. Kg8 Nf5 96. Kh8 Be7 97. Kg8 Nh6+ 98. Kh8
Bf6# 0-1

[Event "4NCL/Div2/RIC vs. SWD1"]
[Site "Birmingham ENG"]
[Date "2001.11.24"]
[Round "3.1"]
[White "Wall, Gavin"]
[Black "Cobb, James E"]
[Result "1-0"]
[WhiteElo "2366"]
[BlackElo "2335"]
[PlyCount "101"]
[EventDate "2001.11.24"]
[SourceDate "2001.01.01"]

1. e4 e5 2. Nf3 Nc6 3. Bc4 Nf6 4. d3 Bc5 5. c3 d6 6. O-O O-O 7. Bb3 a6 8. Re1
Ba7 9. Nbd2 Ng4 10. Re2 Kh8 11. h3 Nh6 12. Nf1 f5 13. d4 f4 14. dxe5 Nxe5 15.
N1h2 Qf6 16. Rd2 Qg6 17. Nxe5 dxe5 18. Qf3 Be6 19. Bxe6 Qxe6 20. b3 Rfd8 21.
Qd1 Nf7 22. Bb2 Qg6 23. Rxd8+ Rxd8 24. Qe2 Ng5 25. Rd1 Rxd1+ 26. Qxd1 h6 27.
Qd3 Qxe4 28. Qxe4 Nxe4 29. Ng4 h5 30. Nxe5 Bxf2+ 31. Kf1 Be3 32. Ke2 Kh7 33. c4
Nd6 34. Kf3 Nf5 35. Ke4 Nh4 36. g3 Ng2 37. Nd3 g5 38. Kf3 fxg3 39. Kxg2 h4 40.
Kf3 Bg1 41. Ne5 Bf2 42. Bc1 Kh6 43. Nf7+ Kg6 44. Nxg5 Kf5 45. Kg2 Bd4 46. Nf3
Bf6 47. Be3 b6 48. Nd2 a5 49. Kf3 Bd8 50. Ne4 Be7 51. Nc3 1-0